[Event "World Cup Winners' Defence"]
[Site "SchemingMind.com"]
[Date "2018.10.15"]
[Round "-"]
[White "William Lindberg"]
[Black "Aleksandr Frenkel"]
[Result "1-0"]
[WhiteCountry "USA"]
[BlackCountry "USA"]
[WhiteElo "2506"]
[WhiteRD "70"]
[BlackElo "2184"]
[BlackRD "73"]
[GameID "433632"]

1. e4 e6 2. d4 d5 3. Nc3 Nf6 4. Bg5 dxe4 5. Nxe4 Nbd7 6. Nxf6+ Nxf6 7. Nf3 h6 8. Bh4 Be7 9. Bd3 b6 10. Bxf6 Bxf6
11. Be4 Rb8 12. Ne5 Bxe5 13. dxe5 O-O 14. Qxd8 Rxd8 15. Ke2 Ba6+ 16. Ke3 Bc4 17. Rad1 a5 18. b3 Bd5 19. Bxd5 exd5 20. f4 Rd7
21. Rd3 Re8 22. c4 f6 23. Rxd5 Rxd5 24. cxd5 fxe5 25. f5 Kf7 26. Ke4 Ke7 27. Rc1 Kd7 28. g4 a4 29. b4 h5 30. g5 h4
31. b5 Ra8 32. Rc6 Ra5 33. Rg6 Rxb5 34. Rxg7+ Kd6 35. Rg6+ Kd7 36. Kxe5 Rb2 37. Rg7+ Kd8 38. f6 Re2+ 39. Kd4
1-0

[Event "World Cup Winners' Defence"]
[Site "SchemingMind.com"]
[Date "2018.10.15"]
[Round "-"]
[White "Aleksandr Frenkel"]
[Black "William Lindberg"]
[Result "0-1"]
[WhiteCountry "USA"]
[BlackCountry "USA"]
[WhiteElo "2184"]
[WhiteRD "73"]
[BlackElo "2506"]
[BlackRD "70"]
[GameID "433633"]

1. e4 e6 2. d4 d5 3. Nd2 c5 4. Ngf3 cxd4 5. Nxd4 Nf6 6. exd5 Nxd5 7. N2f3 Bb4+ 8. Bd2 Bxd2+ 9. Qxd2 O-O 10. O-O-O Qc7
11. Nb5 Qc5 12. Qd4 Qe7 13. Qe4 Nc6 14. Bc4 Nf6 15. Qh4 h6 16. Rhe1 a6 17. Nd6 Qc7 18. Ne4 Nd7 19. Be2 b5 20. Kb1 Bb7
21. Nd6 Rad8 22. Nxb7 Qxb7 23. h3 Qb8 24. g4 f6 25. Nd2 Nc5 26. Bf3 Qc8 27. Bxc6 Qxc6 28. Qg3 e5 29. f4 Rd5 30. fxe5 fxe5
31. g5 Rfd8 32. Qe3 hxg5 33. Qxg5 b4 34. Rg1 Ne6 35. Qe3 a5 36. h4 Nf4 37. h5 Qd6 38. b3 Qc7 39. h6 g6 40. Rh1 Kh7
41. Rh2 Qc3 42. Qe1 R8d7 43. Rf2 Rd4 44. Qxe5 Rxd2 45. Rfxd2 Qxe5 46. Rxd7+ Kxh6 47. Rh1+ Kg5 48. Rdd1 Nd5
0-1

[Event "World Cup Winners' Defence"]
[Site "SchemingMind.com"]
[Date "2018.10.20"]
[Round "-"]
[White "flyinduck"]
[Black "Aleksandr Frenkel"]
[Result "0-1"]
[WhiteCountry "CAN"]
[BlackCountry "USA"]
[WhiteElo "1993"]
[WhiteRD "51"]
[BlackElo "2184"]
[BlackRD "73"]
[GameID "433634"]

1. e4 e6 2. d4 d5 3. Nc3 Nf6 4. e5 Nfd7 5. Nce2 c5 6. c3 Nc6 7. f4 Qb6 8. Nf3 f6 9. a3 Be7 10. h4 O-O
11. Rh3 a5 12. b3 Qd8 13. Be3 a4 14. b4 b6 15. Nc1 Qc7 16. Bd3 cxb4 17. cxb4 Nxb4 18. axb4 Qc3+ 19. Bd2 Qxa1 20. Qc2 Ba6
21. Bxh7+ Kh8 22. Qg6 Rfc8 23. Qh5 Rxc1+ 24. Bxc1 Qxc1+ 25. Kf2 Qxf4
0-1

[Event "World Cup Winners' Defence"]
[Site "SchemingMind.com"]
[Date "2018.10.19"]
[Round "-"]
[White "Aleksandr Frenkel"]
[Black "flyinduck"]
[Result "1-0"]
[WhiteCountry "USA"]
[BlackCountry "CAN"]
[WhiteElo "2200"]
[WhiteRD "77"]
[BlackElo "2023"]
[BlackRD "52"]
[GameID "433635"]

1. e4 e6 2. d4 d5 3. Nd2 c5 4. Ngf3 cxd4 5. Nxd4 Nf6 6. exd5 Qxd5 7. Nb5 Qd8 8. Nc4 Qxd1+ 9. Kxd1 Na6 10. Be3 Nd5
11. Bd4 f6 12. Bxa7 Bd7 13. Nb6 Rd8 14. Kc1 Bc6 15. Nd4 Bc5 16. Nxc6
1-0

[Event "World Cup Winners' Defence"]
[Site "SchemingMind.com"]
[Date "2018.10.16"]
[Round "-"]
[White "Johnny Owens"]
[Black "Aleksandr Frenkel"]
[Result "1-0"]
[WhiteCountry "USA"]
[BlackCountry "USA"]
[WhiteElo "2315"]
[WhiteRD "71"]
[BlackElo "2156"]
[BlackRD "72"]
[GameID "433636"]

1. e4 e6 2. d4 d5 3. e5 c5 4. c3 Nc6 5. Nf3 Bd7 6. Be2 Nge7 7. O-O Nf5 8. dxc5 Bxc5 9. Bd3 Nh4 10. Nbd2 Ng6
11. Nb3 Bb6 12. Re1 O-O 13. Nbd4 h6 14. b3 Nxd4 15. cxd4 Nh4 16. Nxh4 Rc8 17. Qg4
1-0

[Event "World Cup Winners' Defence"]
[Site "SchemingMind.com"]
[Date "2018.10.16"]
[Round "-"]
[White "Aleksandr Frenkel"]
[Black "Johnny Owens"]
[Result "0-1"]
[WhiteCountry "USA"]
[BlackCountry "USA"]
[WhiteElo "2143"]
[WhiteRD "72"]
[BlackElo "2403"]
[BlackRD "70"]
[GameID "433637"]

1. e4 e6 2. d4 d5 3. Nd2 dxe4 4. Nxe4 Nd7 5. Nf3 Ngf6 6. Nxf6+ Nxf6 7. Bd3 c5 8. O-O cxd4 9. Nxd4 Bc5 10. Be3 Bb6
11. c3 O-O 12. Re1 e5 13. Nb5 a6 14. Nd6 Bxe3 15. Rxe3 Be6 16. Rxe5 Qc7 17. Re2 Rad8 18. Rd2 Rxd6 19. Bxh7+ Nxh7 20. Rxd6 Re8
21. Rd4 Bc4 22. b3 Bb5 23. a4 Bc6 24. Qd3 Nf8 25. Rd1 Qe5 26. h3 Ne6 27. Rh4 g6 28. Qd2 Rd8 29. Re1 Qh2+ 30. Kxh2 Rxd2
31. Kg1 Rb2 32. Rb4 Nc7 33. c4 Ne6 34. Rb6 Kg7 35. Rd1 Nc5 36. Rd6 Rb1+ 37. Kh2 Rxb3 38. Rbxc6 bxc6 39. Rxc6 Nxa4 40. Rxa6 Nb2
41. c5 Nd3 42. c6 Rc3 43. f3 Ne5 44. Kg3 Nxc6 45. Kf4 Rc2 46. g4 Rc4+ 47. Kg3 Rc3 48. Kf4 Nd4
0-1

[Event "World Cup Winners' Defence"]
[Site "SchemingMind.com"]
[Date "2018.10.15"]
[Round "-"]
[White "Keithk"]
[Black "Aleksandr Frenkel"]
[Result "1-0"]
[WhiteCountry "ENG"]
[BlackCountry "USA"]
[WhiteElo "2562"]
[WhiteRD "65"]
[BlackElo "2184"]
[BlackRD "73"]
[GameID "433638"]

1. e4 e6 2. d4 d5 3. Nc3 Nf6 4. e5 Nfd7 5. f4 c5 6. Nf3 Nc6 7. Be3 Be7 8. Qd2 O-O 9. dxc5 Bxc5 10. O-O-O Qa5
11. a3 a6 12. Bxc5 Nxc5 13. Qe3 Bd7 14. f5 d4 15. Nxd4 Nxe5 16. fxe6 Bxe6 17. Nxe6 fxe6 18. Be2 Rac8 19. Kb1 Qc7 20. Rhe1 Kh8
21. Ne4 Nxe4 22. Qxe4 Rf2 23. Rd4 b5 24. Red1 Ng6 25. Rd7 Qxh2 26. Bf3 Nf8 27. Rf7 Qg3 28. Qb7 Qb8 29. Qe7 Ng6 30. Qg5 Re8
31. Qc5 Qg3 32. Qc6 Qb8 33. Rb7 Qc8 34. Rc7 Qb8 35. Qc5 b4 36. axb4 Rf8 37. Ka2 Rg8 38. Rdd7 Rf1 39. Rxg7 Rxg7 40. Rc8+ Rg8
41. Rxb8 Rxb8 42. Qd6 Re8 43. Qxa6
1-0

[Event "World Cup Winners' Defence"]
[Site "SchemingMind.com"]
[Date "2018.10.15"]
[Round "-"]
[White "Aleksandr Frenkel"]
[Black "Keithk"]
[Result "0-1"]
[WhiteCountry "USA"]
[BlackCountry "ENG"]
[WhiteElo "2166"]
[WhiteRD "71"]
[BlackElo "2540"]
[BlackRD "61"]
[GameID "433639"]

1. e4 e6 2. d4 d5 3. Nd2 c5 4. Ngf3 cxd4 5. Nxd4 Nc6 6. Bb5 Bd7 7. Nxc6 Bxc6 8. Qe2 Nf6 9. O-O Be7 10. Rd1 O-O
11. Bd3 dxe4 12. Nxe4 Qc7 13. Nxf6+ Bxf6 14. Qh5 g6 15. Qg4 Be5 16. h3 Rad8 17. c3 Rd5 18. Bg5 a6 19. Bc2 Rb5 20. Bb3 a5
21. Bh6 Ra8 22. Rd2 Bh2+ 23. Kh1 Rh5 24. Be3 Re8 25. h4 f5 26. Qh3 Qe7 27. Bxe6+ Kg7 28. Bd7 Bxd7 29. Bc5 Qxc5 30. Rxd7+ Kh6
31. Qxh2 Re4 32. f4 Re2 33. Qg3 Re3 34. Qh2 a4 35. Rg1 a3 36. bxa3 Qxa3 37. Rxb7 Qxa2 38. Rbb1 Qe6 39. Rbf1 Qe4 40. Rf2 Kg7
41. Rd2 Rxc3 42. Rd7+ Kh6 43. Rd2 Re3 44. Rf1 Qc6 45. Rg1 Kg7 46. Rgd1 Qe4 47. Rd7+ Kh6 48. Rg1 Qb4 49. Rc7 Qd2 50. Rcc1 Re2
51. Rcf1 Qe3 52. Rc1 Qe7 53. Rc3 Rf2 54. Rh3 Qe4 55. Qg3 Rxf4 56. Re1 Qd4 57. Kh2 Rfxh4 58. Qe3+ Qxe3 59. Rxe3 Rxh3+ 60. gxh3 Rh4
61. Kg2 Kh5 62. Re7 h6 63. Rd7 Rc4 64. Rd5 Kh4 65. Rd6 Rc2+ 66. Kf1 Kh5 67. Rd5 Rh2 68. Rd3 g5 69. Kg1 Rb2 70. Rd4 f4
71. Rd3 Kh4 72. Ra3 Re2 73. Kf1 Re3
0-1